书目信息 |
| 题名: |
工程制图习题集
|
|
| 作者: | 刘小年 , 郭纪林 主编 | |
| 分册: | ||
| 出版信息: | 北京 高等教育出版社 2004 |
|
| 页数: | 50页 | |
| 开本: | 26×37cm | |
| 丛书名: | ||
| 单 册: | ||
| 中图分类: | TB23-44 , TB23-44 | |
| 科图分类: | ||
| 主题词: | 工程制图--高等学校--习题 | |
| 电子资源: | ||
| ISBN: | 7-04-013060-2 | |
| 000 | 00701nam0 2200241 45 | |
| 001 | 012004000000 | |
| 005 | 20070902090205.00 | |
| 010 | @a7-04-013060-2@dCNY 17.10 | |
| 100 | @a20040705d2004 em y0chiy0121 ea | |
| 101 | 0 | @achi |
| 102 | @aCN@b110000 | |
| 105 | @aa z 000yy | |
| 200 | 1 | @a工程制图习题集@Agong cheng zhi tu xi ti ji@f刘小年, 郭纪林主编 |
| 210 | @a北京@c高等教育出版社@d2004 | |
| 215 | @a50页@c图@d26×37cm | |
| 300 | @a教育科学“十五”国家规划课题研究成果 | |
| 606 | 0 | @a工程制图@x高等学校@j习题 |
| 690 | @aTB23-44@v4 | |
| 690 | @aTB23-44@v3 | |
| 701 | 0 | @a刘小年@Aliu xiao nian@4主编 |
| 701 | 0 | @a郭纪林@Aguo ji lin@4主编 |
| 801 | 0 | @aCN@c20070902 |
| 905 | @dTB23-44@eL694 | |
| 工程制图习题集/刘小年, 郭纪林主编.-北京:高等教育出版社,2004 |
| 50页:图;26×37cm |
| 教育科学“十五”国家规划课题研究成果 |
| ISBN 7-04-013060-2:CNY 17.10 |
| ● |
| 相关链接 |
|
|
|
正题名:工程制图习题集
索取号:TB23-44/L694
 
预约/预借
| 序号 | 登录号 | 条形码 | 馆藏地/架位号 | 状态 | 备注 |
| 1 | 387363 | 203873638 | 自科二线404/404自科库 1排1列2层/ [索取号:TB23-44/L694] | 在馆 | |
| 2 | 387364 | 203873647 | 自科二线404/404自科库 1排1列2层/ [索取号:TB23-44/L694] | 在馆 | |
| 3 | 387365 | 203873656 | 自科库501/501自科库 7排1列4层/ [索取号:TB23-44/L694] | 在馆 | |
| 4 | 643225 | 206432252 | 自科二线404/404自科库 1排1列2层/ [索取号:TB23-44/L694] | 在馆 | |
| 5 | 643226 | 206432261 | 自科二线404/404自科库 1排1列2层/ [索取号:TB23-44/L694] | 在馆 | |
| 6 | 643227 | 206432270 | 自科二线404/404自科库 1排1列2层/ [索取号:TB23-44/L694] | 在馆 |